Every WCW Video Game - Statistics

General Stats
  • This quiz has been taken 89 times
  • The average score is 7 of 10
Answer Stats
Released Console(s) Released On Game % Correct
1998 Nintendo 64, PC, PlayStation Nitro
91%
1999 PlayStation Thunder
87%
1998 Nintendo 64 Revenge
83%
1999 Game Boy Color, Nintendo 64, PlayStation Mayhem
74%
1997 Nintendo 64 vs. nWo: World Tour
72%
2000 Nintendo 64, PlayStation Backstage Assault
70%
1989 NES WCW Wrestling
70%
1997 PlayStation vs. The World
60%
1994 SNES SuperBrawl Wrestling
55%
1994 Game Boy The Main Event
13%
No matching quizzes found
Score Distribution
Percent of People with Each Score
Percentile by Number Answered
Your Score History
You have not taken this quiz